000 00502nam a22001577a 4500
005 20251108164141.0
008 250721s1987 xx 000 0 ara d
082 1 4 _a218,6/محم
100 1 _aسليم، محمد بهائي
245 1 0 _aالقرآن الكريم و السلوك الإنساني /
264 1 _aالقاهرة :
_bالهيئة المصرية العامة للكتاب،
_c1987.
300 _a375ص
650 1 7 _aالآداب الإسلامية
942 _2ddc
_cBK
999 _c4887
_d4887